[Event "LSS No Engine Cup 172 Preliminary 0"]
[Site "LSS email"]
[Date "2017.08.19"]
[Round "?"]
[White "Pech, Jaroslav Sr"]
[Black "Zakaria, Ahmed"]
[Result "0-1"]
[WhiteElo "1430"]
[BlackElo "2095"]
[PlyCount "60"]
[EventDate "2017.08.20"]
[EventType "tourn (corr)"]
[EventRounds "6"]
[EventCountry "GER"]
[SourceTitle "Corr 2022"]
[Source "ChessBase"]
[SourceDate "2021.10.24"]
[SourceVersion "1"]
[SourceVersionDate "2021.10.24"]
[SourceQuality "1"]

1. e4 c5 2. Nf3 d6 3. d4 cxd4 4. Nxd4 Nf6 5. Nc3 a6 6. Be3 e6 7. f3 Be7 8. Qd2 0-0 9. 0-0-0 Nbd7 10. g4 Ne5 11. g5 Nh5 12. Kb1 b5 13. f4 Ng4 14. Nc6 Qc7 15. Nxe7+ Qxe7 16. Bg1 Bb7 17. Bg2 f5 18. h3 Ng3 19. hxg4 b4 20. Ne2 Nxh1 21. Bxh1 a5 22. gxf5 exf5 23. Ng3 fxe4 24. f5 Rae8 25. Bd4 g6 26. Re1 d5 27. Qh2 Qxg5 28. fxg6 h6 29. Be3 Qe5 30. Bxh6 Re6 0-1

[Event "LSS No Engine Cup 171 Preliminary 0"]
[Site "LSS email"]
[Date "2017.07.10"]
[Round "?"]
[White "Zakaria, Ahmed"]
[Black "Kalinin, Vyacheslav"]
[Result "1-0"]
[WhiteElo "2088"]
[BlackElo "1625"]
[PlyCount "73"]
[EventDate "2017.07.11"]
[EventType "tourn (corr)"]
[EventRounds "6"]
[EventCountry "GER"]
[SourceTitle "Corr 2022"]
[Source "ChessBase"]
[SourceDate "2021.10.24"]
[SourceVersion "1"]
[SourceVersionDate "2021.10.24"]
[SourceQuality "1"]

1. e4 d5 2. exd5 Qxd5 3. Nf3 Bg4 4. Be2 Nc6 5. 0-0 e5 6. Nc3 Qd7 7. Re1 0-0-0 8. h3 Bf5 9. Bb5 f6 10. d3 Bb4 11. Bd2 Bxc3 12. Bxc3 Nge7 13. a4 Nd5 14. Bd2 a6 15. Bxc6 Qxc6 16. b4 g5 17. b5 Qd6 18. Nh2 h5 19. Nf1 Nf4 20. Ng3 Bd7 21. Ne4 Qe6 22. Qb1 Nxg2 23. bxa6 bxa6 24. Kxg2 Qxh3+ 25. Kg1 Bg4 26. Re3 Bf3 27. Rxf3 Qxf3 28. Qb3 Qg4+ 29. Kf1 Qh3+ 30. Ke2 Qg4+ 31. f3 Qg2+ 32. Ke3 g4 33. Qe6+ Rd7 34. Qxa6+ Kd8 35. Qxf6+ Re7 36. Qxh8+ Kd7 37. Nc5+ 1-0

[Event "LSS No Engine Cup 171 Preliminary 0"]
[Site "LSS email"]
[Date "2017.07.10"]
[Round "?"]
[White "Zakaria, Ahmed"]
[Black "Strnad, Pavel"]
[Result "1-0"]
[WhiteElo "2088"]
[BlackElo "1014"]
[PlyCount "25"]
[EventDate "2017.07.11"]
[EventType "tourn (corr)"]
[EventRounds "6"]
[EventCountry "GER"]
[SourceTitle "Corr 2022"]
[Source "ChessBase"]
[SourceDate "2021.10.24"]
[SourceVersion "1"]
[SourceVersionDate "2021.10.24"]
[SourceQuality "1"]

1. e4 d6 2. d4 Nf6 3. Bd3 c5 4. c3 g6 5. Ne2 Nc6 6. 0-0 Bg7 7. h3 0-0 8. Na3 a6 9. Nc2 b5 10. Ng3 Qb6 11. Be3 Bb7 12. b4 c4 13. d5 1-0

[Event "LSS No Engine Cup 171 Preliminary 0"]
[Site "LSS email"]
[Date "2017.07.10"]
[Round "?"]
[White "Zakaria, Ahmed"]
[Black "Thomae, Eberhard"]
[Result "1/2-1/2"]
[WhiteElo "2088"]
[BlackElo "1900"]
[PlyCount "69"]
[EventDate "2017.07.11"]
[EventType "tourn (corr)"]
[EventRounds "6"]
[EventCountry "GER"]
[SourceTitle "Corr 2022"]
[Source "ChessBase"]
[SourceDate "2021.10.24"]
[SourceVersion "1"]
[SourceVersionDate "2021.10.24"]
[SourceQuality "1"]

1. e4 e5 2. Nf3 Nc6 3. Bb5 a6 4. Ba4 Nf6 5. 0-0 Be7 6. Re1 b5 7. Bb3 0-0 8. c3 d5 9. exd5 Nxd5 10. Nxe5 Nxe5 11. Rxe5 c6 12. d4 Bd6 13. Re1 Qh4 14. g3 Qh3 15. Be3 Bg4 16. Qd3 Rae8 17. Nd2 Re6 18. Qf1 Qh5 19. f3 Nxe3 20. Qf2 Nd5 21. fxg4 Qxg4 22. Qf3 Qg6 23. Re2 Rfe8 24. Rae1 Rxe2 25. Rxe2 Rxe2 26. Qxe2 Nf6 27. a4 h6 28. Kf2 Qf5+ 29. Kg2 Kf8 30. Qf1 Qxf1+ 31. Kxf1 Ke7 32. Ke2 Bc7 33. Kf3 Bd6 34. axb5 axb5 35. Ne4 1/2-1/2

[Event "ZI-2017-0-02306"]
[Site "LSS email"]
[Date "2017.06.10"]
[Round "?"]
[White "Zakaria, Ahmed"]
[Black "Bokros, Janos"]
[Result "1-0"]
[WhiteElo "1566"]
[BlackElo "1544"]
[PlyCount "39"]
[EventDate "2017.05.25"]
[EventType "match (corr)"]
[EventRounds "2"]
[EventCountry "GER"]
[SourceTitle "Corr 2022"]
[Source "ChessBase"]
[SourceDate "2021.10.24"]
[SourceVersion "1"]
[SourceVersionDate "2021.10.24"]
[SourceQuality "1"]

1. e4 e6 2. d4 d5 3. exd5 exd5 4. Nf3 Nf6 5. Bd3 Be7 6. 0-0 0-0 7. h3 Nc6 8. c3 h6 9. Bf4 a6 10. Nbd2 Re8 11. Re1 b5 12. a4 b4 13. Ne5 Nxe5 14. Bxe5 c6 15. Qc2 bxc3 16. Qxc3 Bb7 17. Nb3 Qd7 18. Nc5 Qc8 19. Bxf6 Bxf6 20. Rxe8+ 1-0

[Event "OP-2017-0-04363"]
[Site "LSS email"]
[Date "2017.06.10"]
[Round "?"]
[White "Zakaria, Ahmed"]
[Black "Nemeth, Laszlo"]
[Result "1/2-1/2"]
[WhiteElo "1566"]
[BlackElo "1367"]
[PlyCount "86"]
[EventDate "2017.06.02"]
[EventType "tourn (corr)"]
[EventRounds "4"]
[EventCountry "GER"]
[SourceTitle "Corr 2022"]
[Source "ChessBase"]
[SourceDate "2021.10.24"]
[SourceVersion "1"]
[SourceVersionDate "2021.10.24"]
[SourceQuality "1"]

1. e4 c5 2. Nf3 Nc6 3. d4 cxd4 4. Nxd4 Nf6 5. Nc3 e5 6. Nb3 Bb4 7. Bd3 d5 8. exd5 Nxd5 9. Bd2 Nxc3 10. bxc3 Bd6 11. 0-0 0-0 12. Qh5 g6 13. Qh6 Be6 14. Rfe1 Re8 15. Rab1 f5 16. f3 Bf8 17. Qe3 Bf7 18. Qf2 Qc7 19. Bg5 h6 20. Be3 Rad8 21. Rbd1 b6 22. Bc1 Kh7 23. Qe2 Bg7 24. Bd2 Bf6 25. Qf2 Ne7 26. Qf1 f4 27. c4 a5 28. a4 Bh4 29. Re4 Nf5 30. Be1 Bxe1 31. Rdxe1 Ne3 32. R1xe3 fxe3 33. Qe2 Rd6 34. Qxe3 Rf6 35. c5 Bxb3 36. cxb6 Qxb6 37. cxb3 Qxe3+ 38. Rxe3 Kg7 39. Be4 Rd6 40. Rc3 Red8 41. Rc5 Rd1+ 42. Kf2 R1d2+ 43. Kg3 Rb2 1/2-1/2

[Event "RD-2017-0-00140"]
[Site "LSS email"]
[Date "2017.06.09"]
[Round "?"]
[White "Bieszk, Stanislaw"]
[Black "Zakaria, Ahmed"]
[Result "1/2-1/2"]
[WhiteElo "1438"]
[BlackElo "1566"]
[PlyCount "86"]
[EventDate "2017.01.04"]
[EventType "tourn (corr)"]
[EventRounds "6"]
[EventCountry "GER"]
[SourceTitle "Corr 2022"]
[Source "ChessBase"]
[SourceDate "2021.10.24"]
[SourceVersion "1"]
[SourceVersionDate "2021.10.24"]
[SourceQuality "1"]

1. e4 c5 2. Nf3 d6 3. d4 cxd4 4. Nxd4 Nf6 5. Nc3 a6 6. Bg5 Nbd7 7. f4 e6 8. Qf3 h6 9. Bh4 Be7 10. 0-0-0 Qc7 11. Bd3 g5 12. fxg5 Ne5 13. Qe2 Nfg4 14. Kb1 hxg5 15. Bg3 Bd7 16. Nf3 0-0-0 17. h3 Nxd3 18. cxd3 Nf6 19. Rc1 Bc6 20. Rhf1 Kb8 21. Nxg5 Nh5 22. Rxf7 Nxg3 23. Qf2 Qd7 24. Qxg3 Rdg8 25. h4 Qe8 26. Rcf1 Qd8 27. Qf4 Bxg5 28. hxg5 Rxg5 29. Rf8 Rxf8 30. Qxf8 Qxf8 31. Rxf8+ Kc7 32. Rf2 b5 33. a3 a5 34. Kc2 Kb6 35. b4 axb4 36. axb4 d5 37. exd5 Bxd5 38. Nxd5+ exd5 39. Kc3 Rg4 40. Rf3 Rxg2 41. Rf6+ Kc7 42. Kd4 Rg3 43. Kxd5 Rxd3+ 1/2-1/2

[Event "OP-2017-0-04363"]
[Site "LSS email"]
[Date "2017.06.09"]
[Round "?"]
[White "Lauer, Frederic"]
[Black "Zakaria, Ahmed"]
[Result "0-1"]
[WhiteElo "1137"]
[BlackElo "1566"]
[PlyCount "98"]
[EventDate "2017.06.02"]
[EventType "tourn (corr)"]
[EventRounds "4"]
[EventCountry "GER"]
[SourceTitle "Corr 2022"]
[Source "ChessBase"]
[SourceDate "2021.10.24"]
[SourceVersion "1"]
[SourceVersionDate "2021.10.24"]
[SourceQuality "1"]

1. d4 Nf6 2. Nf3 g6 3. Nc3 d5 4. Bg5 Bg7 5. e3 Nbd7 6. Bd3 0-0 7. 0-0 c5 8. dxc5 Nxc5 9. Qe2 Nxd3 10. cxd3 a6 11. d4 Bf5 12. Bxf6 Bxf6 13. Rac1 Rc8 14. h3 h5 15. Nh2 Qd7 16. Rfd1 b5 17. g4 hxg4 18. hxg4 b4 19. gxf5 bxc3 20. fxg6 cxb2 21. gxf7+ Kxf7 22. Qxb2 Rg8+ 23. Kh1 Rb8 24. Qe2 Rh8 25. Qf3 Qd6 26. Qg3 Rxh2+ 27. Kxh2 Rh8+ 28. Kg2 Rg8 29. Qxg8+ Kxg8 30. Rc2 Qe6 31. Rdd2 Qe4+ 32. Kf1 Kf7 33. Rb2 e5 34. dxe5 Bxe5 35. Rbc2 Ke6 36. Ke2 d4 37. Rd3 dxe3 38. fxe3 Bd6 39. Rdc3 Qg4+ 40. Kd3 Bb4 41. Rc4 Qd1+ 42. Ke4 Qd5+ 43. Kf4 Bd6+ 44. Kg4 Qd1+ 45. Kg5 Qg1+ 46. Kh4 Qxe3 47. R2c3 Qf2+ 48. Kg4 Qg2+ 49. Kh5 Kf5 0-1

[Event "RD-2017-0-00140"]
[Site "LSS email"]
[Date "2017.06.09"]
[Round "?"]
[White "Stadler, Pavel"]
[Black "Zakaria, Ahmed"]
[Result "0-1"]
[WhiteElo "1423"]
[BlackElo "1566"]
[PlyCount "50"]
[EventDate "2017.01.04"]
[EventType "tourn (corr)"]
[EventRounds "6"]
[EventCountry "GER"]
[SourceTitle "Corr 2022"]
[Source "ChessBase"]
[SourceDate "2021.10.24"]
[SourceVersion "1"]
[SourceVersionDate "2021.10.24"]
[SourceQuality "1"]

1. e4 c5 2. d4 cxd4 3. c3 dxc3 4. Nxc3 e6 5. Nf3 Nc6 6. Bc4 a6 7. 0-0 Qc7 8. Qe2 b5 9. Bb3 Bb7 10. Bg5 h6 11. Bh4 g5 12. Bg3 Qb6 13. Rfd1 Bg7 14. Rac1 Nge7 15. Qd3 Rd8 16. Bd6 Ng6 17. g3 Nge5 18. Nxe5 Nxe5 19. Bxe5 Bxe5 20. a3 0-0 21. Qe2 f5 22. exf5 Rxf5 23. Re1 Rdf8 24. Rf1 Rxf2 25. Rxf2 Rxf2 0-1